Una de indios y otras historias / (Registro nro. 12465)

Detalles MARC
000 -LEADER
fixed length control field 00785nam a22002657a 4500
003 - CONTROL NUMBER IDENTIFIER
control field DO-SdBNP
005 - DATE AND TIME OF LATEST TRANSACTION
control field 20180206105024.0
008 - FIXED-LENGTH DATA ELEMENTS--GENERAL INFORMATION
fixed length control field 160718 1992 sp a spa d
020 ## - INTERNATIONAL STANDARD BOOK NUMBER
International Standard Book Number 8434825309
040 ## - CATALOGING SOURCE
Original cataloging agency BPMSU
Language of cataloging spa
Transcribing agency BPMSU
092 ## - LOCALLY ASSIGNED DEWEY CALL NUMBER (OCLC)
Classification number xxxxx
Item number xxxxx
100 1# - MAIN ENTRY--PERSONAL NAME
Personal name Obiols, Miguel
245 10 - TITLE STATEMENT
Title Una de indios y otras historias /
Statement of responsibility, etc. Miguel Obiols ; ilustraciones Miguel Calatayud ; traducción Angelina Gatell
250 ## - EDITION STATEMENT
Edition statement 4a. ed.
260 ## - PUBLICATION, DISTRIBUTION, ETC. (IMPRINT)
Place of publication, distribution, etc. Madrid :
Name of publisher, distributor, etc. SM,
Date of publication, distribution, etc. 1992.
300 ## - PHYSICAL DESCRIPTION
Extent 119 p. :
Other physical details il. ;
Dimensions 18 cm.
490 1# - SERIES STATEMENT
Series statement Catamarán
Volume/sequential designation 4
521 ## - TARGET AUDIENCE NOTE
Target audience note A partir de 9 años.
700 12 - ADDED ENTRY--PERSONAL NAME
Personal name Calatayud, Miguel
Relator term il.
700 12 - ADDED ENTRY--PERSONAL NAME
Personal name Gatell, Angelina
Relator term trad.
830 #0 - SERIES ADDED ENTRY--UNIFORM TITLE
Uniform title Catamarán
Number of part/section of a work 4
942 ## - ADDED ENTRY ELEMENTS (KOHA)
Source of classification or shelving scheme Dewey Decimal Classification
Koha item type Libros
945 ## - LOCAL PROCESSING INFORMATION (OCLC)
a Inventariado, 2018 /LP
956 ## - LOCAL ELECTRONIC LOCATION AND ACCESS (OCLC)
Access method YLOCKWARD
Materials specified 10
Field link and sequence number BPMSU
Host name 00144
Existencias
Withdrawn status Lost status Source of classification or shelving scheme Damaged status Not for loan Collection code Home library Current library Date acquired Source of acquisition Total Checkouts Barcode Date last seen Price effective from Koha item type
    Dewey Decimal Classification     Colección Infantil General Biblioteca Pública Metropolitana Salomé Ureña Biblioteca Pública Metropolitana Salomé Ureña 01/16/2017 Donado por la Agencia de Cooperación Internacional del Japón   BPMSU17010045 01/16/2017 01/16/2017 Libros